000
00302nam a2200133Ia 4500
100
_a
Chary/S.N
942
_c
BK
654
_a
production
245
_a
Production and Operation Management
260
_b
Tata Mc Graw hill
_a
New Delhi
_c
1993
082
_a
658.5
_b
CHA
300
_a
493
546
_a
ENGLISH
999
_c
22409
_d
22409